Statystyki dla Kraje najbliżej Armenii

Kliknij tutaj aby rozwiązać quiz!

Ogólne statystyki

  • Ten quiz został rozwiązany 27 razy
  • Średni wynik to 15 z 20

Statystyki odpowiedzi

kmkraj% Poprawnych
110Rosja
100%
0Gruzja
96%
0Turcja
96%
0Azerbejdżan
92%
0Iran
88%
222Irak
83%
533Kazachstan
83%
785Ukraina
83%
821Uzbekistan
83%
925Arabia Saudyjska
79%
1047Izrael
79%
335Syria
79%
529Turkmenistan
75%
980Kuwejt
71%
1248Bułgaria
67%
881Liban
67%
1202Rumunia
67%
935Cypr
63%
887Jordania
63%
1161Palestyna
21%

Rozkład punktacji

Percentyl według liczby udzielonych odpowiedzi

Procent ludzi z każdym wynikiem

Twoja historia wyników

Nie rozwiązałeś tego quizu